Statistics for Airlines at Dulles (IAD), Washington DC

Click here to take the quiz!

General Stats

  • This quiz has been taken 623 times
  • The average score is 22 of 37

Answer Stats

Answer % Correct
Delta Air Lines
94%
United Airlines
94%
American Airlines
94%
British Airways
85%
Southwest Airlines
84%
Air France
82%
Lufthansa
80%
Air Canada
77%
Emirates
74%
KLM
68%
jetBlue
67%
Air China
65%
Alaska Airlines
64%
Etihad
62%
Aer Lingus
61%
Qatar Airways
60%
Frontier Airlines
60%
Aeroflot
59%
AeroMexico
59%
All Nippon Airways
57%
South African Airways
54%
Virgin Atlantic
53%
Scandinavian
53%
Air India
52%
Avianca
50%
Korean Air
50%
Turkish Airlines
45%
LATAM
44%
Icelandair
42%
Ethiopian Airlines
40%
Austrian Airlines
40%
COPA
38%
Brussels Airlines
38%
Saudia
37%
Virgin America
35%
Royal Air Maroc
30%
Porter Airlines
30%

Score Distribution

Percentile by Number Answered

Percent of People with Each Score

Your Score History

You have not taken this quiz